[Event "Europa ch Femenino 2013"]
[Site "Belgrado SER"]
[Date "2013.07.24"]
[Round "2.36"]
[White "Lomineishvili, Maia"]
[Black "Khalafova, Narmin"]
[Result "1-0"]
[WhiteElo "2351"]
[BlackElo "2107"]
[PlyCount "67"]
[EventDate "2013.07.23"]
[EventType "swiss"]
[EventRounds "11"]
[EventCountry "SER"]
[Source "lmi"]
[SourceDate "2013.07.22"]

1. d4 d5 2. c4 c6 3. Nc3 Nf6 4. e3 e6 5. Nf3 Nbd7 6. Qc2 Bd6 7. Bd3 O-O 8. O-O
dxc4 9. Bxc4 a6 10. a3 b5 11. Bd3 Bb7 12. b4 Qe7 13. Bd2 a5 14. bxa5 Bxa3 15.
e4 b4 16. Nb1 Rxa5 17. e5 Nd5 18. Bg5 f6 19. Bxh7+ Kh8 20. Nh4 Qd8 21. Ng6+
Kxh7 22. Nxf8+ Kg8 23. Nxd7 Qxd7 24. Nxa3 bxa3 25. Bd2 Ra8 26. Rfe1 fxe5 27.
Rxe5 Nf6 28. Qc5 Kf7 29. Bg5 Ra4 30. Bxf6 gxf6 31. Rh5 Kg8 32. Rxa3 Rxa3 33.
Qxa3 Qg7 34. Qd6 1-0

[Event "Europa ch Femenino 2013"]
[Site "Belgrado SER"]
[Date "2013.07.24"]
[Round "2.37"]
[White "Nestorovic, Katarina"]
[Black "Kursova, Maria"]
[Result "0-1"]
[WhiteElo "1484"]
[BlackElo "2351"]
[PlyCount "60"]
[EventDate "2013.07.23"]
[EventType "swiss"]
[EventRounds "11"]
[EventCountry "SER"]
[Source "lmi"]
[SourceDate "2013.07.22"]

1. e4 c5 2. Nf3 e6 3. d4 cxd4 4. Nxd4 Nc6 5. Nc3 Qc7 6. a3 a6 7. Be2 Nf6 8. O-O
Be7 9. Be3 O-O 10. f4 d6 11. Bf3 Na5 12. Kh1 Nc4 13. Bc1 Nd7 14. g4 Re8 15. Bg2
b5 16. f5 Nde5 17. g5 Bf8 18. Qh5 Bd7 19. Rf4 g6 20. Qh3 Qa7 21. Rh4 Qxd4 22.
Rxh7 Ng4 23. Qh4 Nf2+ 24. Kg1 Nh3+ 25. Kf1 Qg1+ 26. Ke2 Qxg2+ 27. Ke1 Qg1+ 28.
Ke2 Qxh2+ 29. Ke1 Qf2+ 30. Qxf2 Nxf2 0-1

[Event "Europa ch Femenino 2013"]
[Site "Belgrado SER"]
[Date "2013.07.24"]
[Round "2.39"]
[White "Muzychuk, Anna"]
[Black "Velikic, Adela"]
[Result "1-0"]
[WhiteElo "2594"]
[BlackElo "1992"]
[PlyCount "109"]
[EventDate "2013.07.23"]
[EventType "swiss"]
[EventRounds "11"]
[EventCountry "SER"]
[Source "lmi"]
[SourceDate "2013.07.22"]

1. f4 d5 2. Nf3 g6 3. g3 Bg7 4. Bg2 c6 5. d3 Nf6 6. e3 O-O 7. O-O Qb6 8. Qe2
Bg4 9. Nc3 Nbd7 10. h3 Bxf3 11. Qxf3 e5 12. Kh1 exf4 13. gxf4 d4 14. exd4 Qxd4
15. Be3 Qb4 16. Rab1 Rfe8 17. a3 Qa5 18. Rbe1 Nb6 19. Bd2 Qh5 20. Qg3 Qc5 21.
b4 Qd6 22. Qf2 Rad8 23. Be3 Nbd5 24. Bc5 Qxf4 25. Rxe8+ Rxe8 26. Qxf4 Nxf4 27.
Rxf4 Nh5 28. Re4 Ng3+ 29. Kg1 Nxe4 30. Nxe4 b6 31. Bf2 f5 32. Nd6 Re2 33. c4
Bb2 34. a4 Ba3 35. Bxc6 Bxb4 36. Nc8 Rd2 37. d4 Rd1+ 38. Kg2 Bc3 39. d5 Rd2 40.
Kf1 Rd1+ 41. Ke2 Rd2+ 42. Ke3 f4+ 43. Kf3 g5 44. Nxa7 Rd3+ 45. Ke4 Rxh3 46. d6
Bf6 47. d7 Rh2 48. Bd4 Bd8 49. Bd5+ Kf8 50. Nc6 Re2+ 51. Kf3 Rd2 52. Bg7+ Kxg7
53. Nxd8 Rd3+ 54. Ke2 Re3+ 55. Kf2 1-0

[Event "Europa ch Femenino 2013"]
[Site "Belgrado SER"]
[Date "2013.07.24"]
[Round "2.40"]
[White "Muzychuk, Mariya"]
[Black "Abdulla, Khayala"]
[Result "1-0"]
[WhiteElo "2484"]
[BlackElo "2241"]
[PlyCount "61"]
[EventDate "2013.07.23"]
[EventType "swiss"]
[EventRounds "11"]
[EventCountry "SER"]
[Source "lmi"]
[SourceDate "2013.07.22"]

1. e4 c5 2. Nf3 e6 3. c4 Nc6 4. Nc3 e5 5. g3 g6 6. Bg2 Bg7 7. O-O Nge7 8. a3
O-O 9. Rb1 a5 10. d3 d6 11. Be3 f5 12. Qd2 Nd4 13. Bg5 Be6 14. exf5 Ndxf5 15.
g4 Nd4 16. Nxd4 exd4 17. Nd5 Bxd5 18. Bxd5+ Kh8 19. Bxb7 Ra7 20. Bg2 Qd7 21. h3
Ng8 22. b4 axb4 23. axb4 Bf6 24. Bxf6+ Nxf6 25. b5 d5 26. cxd5 Nxd5 27. Qg5 Rd8
28. Rfe1 Nc3 29. b6 Raa8 30. Bxa8 Rxa8 31. b7 1-0

[Event "Europa ch Femenino 2013"]
[Site "Belgrado SER"]
[Date "2013.07.24"]
[Round "2.41"]
[White "Atalik, Ekaterina"]
[Black "Stetsko, Lanita"]
[Result "1-0"]
[WhiteElo "2430"]
[BlackElo "2209"]
[PlyCount "63"]
[EventDate "2013.07.23"]
[EventType "swiss"]
[EventRounds "11"]
[EventCountry "SER"]
[Source "lmi"]
[SourceDate "2013.07.22"]

1. d4 Nf6 2. c4 e6 3. Nc3 Bb4 4. e3 O-O 5. Bd3 d5 6. a3 Bxc3+ 7. bxc3 c5 8.
cxd5 exd5 9. Ne2 c4 10. Bc2 Nc6 11. O-O b5 12. f3 Be6 13. e4 h6 14. e5 Nd7 15.
Nf4 Qb6 16. Kh1 a5 17. Qe1 Nxd4 18. cxd4 Qxd4 19. Rb1 b4 20. Nxe6 fxe6 21. f4
Qc5 22. axb4 axb4 23. Rxb4 Ra1 24. Ra4 Rxa4 25. Bxa4 Nb6 26. Bc2 d4 27. Be4 Na4
28. f5 Qxe5 29. Bf4 Qf6 30. fxe6 Kh8 31. Bc6 d3 32. e7 1-0

[Event "Europa ch Femenino 2013"]
[Site "Belgrado SER"]
[Date "2013.07.24"]
[Round "2.42"]
[White "Vega Gutierrez, Belinda"]
[Black "Batsiashvili, Nino"]
[Result "0-1"]
[WhiteElo "2148"]
[BlackElo "2405"]
[PlyCount "69"]
[EventDate "2013.07.23"]
[EventType "swiss"]
[EventRounds "11"]
[EventCountry "SER"]
[Source "lmi"]
[SourceDate "2013.07.22"]

1. e4 c6 2. Nc3 d5 3. Qf3 e6 4. d4 Nf6 5. Bg5 Be7 6. e5 Nfd7 7. Bxe7 Qxe7 8.
Qg3 g6 9. f4 b6 10. Nf3 Ba6 11. Qh3 h5 12. O-O-O b5 13. g4 Qf8 14. Ng5 Nb6 15.
Bd3 b4 16. Ne2 Bxd3 17. Rxd3 N8d7 18. gxh5 Rxh5 19. Qg4 O-O-O 20. h4 Qe7 21.
Rdh3 Nc4 22. Ng3 Rh6 23. h5 c5 24. Qe2 cxd4 25. hxg6 Rxg6 26. Nf3 Rdg8 27. b3
Rxg3 28. Rxg3 Rxg3 29. bxc4 b3 30. axb3 Qa3+ 31. Kb1 d3 32. Qxd3 Nc5 33. Qc3
Rxf3 34. Qb2 Qxb2+ 35. Kxb2 0-1

[Event "Europa ch Femenino 2013"]
[Site "Belgrado SER"]
[Date "2013.07.24"]
[Round "2.43"]
[White "Batyte, Daiva"]
[Black "Vega Gutierrez, Sabrina"]
[Result "0-1"]
[WhiteElo "2161"]
[BlackElo "2402"]
[PlyCount "166"]
[EventDate "2013.07.23"]
[EventType "swiss"]
[EventRounds "11"]
[EventCountry "SER"]
[Source "lmi"]
[SourceDate "2013.07.22"]

1. c4 e6 2. Nf3 d5 3. b3 Nf6 4. Bb2 c6 5. g3 a5 6. Qc2 a4 7. bxa4 Na6 8. cxd5
exd5 9. Bg2 Be7 10. O-O Nc5 11. Bd4 Qa5 12. Rc1 Ne6 13. Nc3 O-O 14. Rab1 Nd7
15. e4 dxe4 16. Qxe4 Ba3 17. Re1 Ndc5 18. Qe3 Nxa4 19. Rb3 Nxd4 20. Nxd4 Bc5
21. Ne4 Bb6 22. Nd6 Qa7 23. Qe7 Bg4 24. Rxb6 Qxb6 25. Qe4 Bc8 26. Bf1 Qd8 27.
Nxc8 Qxc8 28. Bd3 g6 29. Rc1 Re8 30. Qf3 Qd7 31. Nb3 Rad8 32. Bf1 Nb6 33. d4
Ra8 34. Nc5 Qc7 35. Qb3 Nd5 36. Bc4 b6 37. Nd3 Qb7 38. Ne5 Rad8 39. Bf1 Rd6 40.
Bg2 Red8 41. Nc4 Re6 42. Na5 Qd7 43. Nc4 b5 44. Ne5 Qe8 45. a4 b4 46. a5 Nc3
47. Rxc3 bxc3 48. Qxc3 f6 49. Bxc6 Qe7 50. Nf3 Qc7 51. d5 Rxd5 52. Bxd5 Qxc3
53. Bxe6+ Kg7 54. Kg2 Qxa5 55. g4 Qb6 56. Ba2 Qa5 57. Be6 h5 58. gxh5 Qxh5 59.
h3 f5 60. Bc4 g5 61. Be2 Kf6 62. Ng1 Qh4 63. Bf3 Ke5 64. Bd1 g4 65. hxg4 fxg4
66. Be2 Kd4 67. Bf1 Kc3 68. Ne2+ Kd2 69. Ng3 Ke1 70. Kg1 Qf6 71. Ne4 Qd4 72.
Bg2 g3 73. Nxg3 Qxf2+ 74. Kh2 Qf4 75. Kh3 Kf2 76. Ne4+ Kg1 77. Bh1 Qh6+ 78. Kg4
Qxh1 79. Ng5 Kf2 80. Nh3+ Ke3 81. Kg3 Qe4 82. Kh2 Qg4 83. Ng1 Kf2 0-1

[Event "Europa ch Femenino 2013"]
[Site "Belgrado SER"]
[Date "2013.07.24"]
[Round "2.44"]
[White "Arakhamia-Grant, Ketevan"]
[Black "Makka, Ioulia"]
[Result "1-0"]
[WhiteElo "2385"]
[BlackElo "2171"]
[PlyCount "99"]
[EventDate "2013.07.23"]
[EventType "swiss"]
[EventRounds "11"]
[EventCountry "SER"]
[Source "lmi"]
[SourceDate "2013.07.22"]

1. e4 c6 2. d4 d5 3. e5 Bf5 4. Nd2 e6 5. Nb3 c5 6. dxc5 Bxc5 7. Nxc5 Qa5+ 8. c3
Qxc5 9. Nf3 Ne7 10. Nd4 Bg6 11. Bb5+ Nec6 12. Be3 Qe7 13. O-O O-O 14. f4 Nxd4
15. Qxd4 Be4 16. Qc5 Qxc5 17. Bxc5 Rc8 18. Bd6 Nc6 19. Rfe1 a6 20. Bf1 f5 21.
b4 Kf7 22. a4 Rg8 23. h4 h6 24. Ra2 g5 25. hxg5 hxg5 26. fxg5 Rxg5 27. Rb2 Rag8
28. b5 axb5 29. axb5 Na5 30. Rf2 Rg3 31. Bb4 b6 32. Ra1 Nc4 33. Ra7+ Kg6 34.
Re7 Ne3 35. Rxe6+ Kh7 36. Rxb6 Ng4 37. Rf4 Nxe5 38. Rh4+ Kg7 39. Kf2 Rg5 40.
Rb7+ Nf7 41. Bc5 Ra8 42. Bd4+ Kg8 43. b6 Ra2+ 44. Kg1 Bxg2 45. Rb8+ Nd8 46.
Rxd8+ Kf7 47. Rh7+ Ke6 48. Re8+ Kd6 49. Rh6+ Kd7 50. Bb5# 1-0

[Event "Europa ch Femenino 2013"]
[Site "Belgrado SER"]
[Date "2013.07.24"]
[Round "2.46"]
[White "Coimbra, Margarida"]
[Black "Mikadze, Miranda"]
[Result "1/2-1/2"]
[WhiteElo "2093"]
[BlackElo "2314"]
[PlyCount "71"]
[EventDate "2013.07.23"]
[EventType "swiss"]
[EventRounds "11"]
[EventCountry "SER"]
[Source "lmi"]
[SourceDate "2013.07.22"]

1. e4 d5 2. exd5 Qxd5 3. Nc3 Qd6 4. d4 Nf6 5. Nf3 c6 6. Ne5 Nbd7 7. Nc4 Qc7 8.
Qf3 Nb6 9. Bf4 Qd8 10. Be5 Bg4 11. Qf4 h5 12. h3 Be6 13. Ne3 Nbd5 14. Nexd5
Nxd5 15. Qd2 Nxc3 16. Qxc3 Qd5 17. Be2 Bf5 18. O-O e6 19. Bf3 Be4 20. Bxe4 Qxe4
21. d5 cxd5 22. Qc7 Rd8 23. Rfe1 Qb4 24. c4 Bd6 25. Bxd6 Rxd6 26. cxd5 Rxd5 27.
Qb8+ Rd8 28. Qxa7 O-O 29. b3 Rd5 30. Qe3 Rfd8 31. Re2 Rd3 32. Qe5 R8d5 33. Qb8+
Rd8 34. Qe5 R3d5 35. Qe3 Rd3 36. Qe5 1/2-1/2

[Event "Europa ch Femenino 2013"]
[Site "Belgrado SER"]
[Date "2013.07.24"]
[Round "2.47"]
[White "Paehtz, Elisabeth"]
[Black "Novkovic, Julia"]
[Result "1-0"]
[WhiteElo "2454"]
[BlackElo "2102"]
[PlyCount "63"]
[EventDate "2013.07.23"]
[EventType "swiss"]
[EventRounds "11"]
[EventCountry "SER"]
[Source "lmi"]
[SourceDate "2013.07.22"]

1. d4 Nf6 2. c4 g6 3. Nf3 Bg7 4. g3 O-O 5. Bg2 d6 6. O-O a6 7. Nc3 Nc6 8. b3
Rb8 9. Bb2 b5 10. cxb5 axb5 11. Rc1 b4 12. Na4 Bd7 13. d5 Na7 14. e4 c5 15.
dxc6 Nxc6 16. e5 Nxe5 17. Nxe5 dxe5 18. Bxe5 Bb5 19. Bxb8 Bxf1 20. Qxd8 Rxd8
21. Bc7 Bxg2 22. Bxd8 Bh3 23. Bxe7 Nd5 24. Bd6 Be6 25. Rc4 f5 26. Bxb4 f4 27.
Bd2 f3 28. Nc5 Bh3 29. a4 Be5 30. Nd3 Bb8 31. Rd4 Be6 32. Nc5 1-0

[Event "Europa ch Femenino 2013"]
[Site "Belgrado SER"]
[Date "2013.07.24"]
[Round "2.48"]
[White "Imeeva, Aisa"]
[Black "Dzagnidze, Nana"]
[Result "0-1"]
[WhiteElo "2079"]
[BlackElo "2558"]
[PlyCount "76"]
[EventDate "2013.07.23"]
[EventType "swiss"]
[EventRounds "11"]
[EventCountry "SER"]
[Source "lmi"]
[SourceDate "2013.07.22"]

1. e4 c5 2. Nf3 d6 3. d4 cxd4 4. Nxd4 Nf6 5. Nc3 Nc6 6. Be2 g6 7. O-O Bg7 8.
Nb3 O-O 9. Re1 Be6 10. Bf1 Rc8 11. Nd5 Bxd5 12. exd5 Ne5 13. Bg5 h6 14. Bh4 Nc4
15. Bxc4 Rxc4 16. Bg3 b5 17. c3 Qd7 18. Qf3 b4 19. Rad1 bxc3 20. bxc3 Rfc8 21.
Rd3 Qc7 22. h3 Nh5 23. Rde3 Bf6 24. Nd4 Rxc3 25. Nc6 Rxe3 26. Qxe3 Nxg3 27.
fxg3 Kg7 28. Kh2 Qb6 29. Nxa7 Qxe3 30. Rxe3 Rc5 31. Nc6 Rxd5 32. Nxe7 Rc5 33.
h4 h5 34. Kh3 Kf8 35. Nxg6+ fxg6 36. Re6 Be5 37. Rxg6 Kf7 38. Rg5 Bf6 0-1

[Event "Europa ch Femenino 2013"]
[Site "Belgrado SER"]
[Date "2013.07.24"]
[Round "2.49"]
[White "Foisor, Cristina-Adela"]
[Black "Zarkovic, Mila"]
[Result "1-0"]
[WhiteElo "2387"]
[BlackElo "2070"]
[PlyCount "153"]
[EventDate "2013.07.23"]
[EventType "swiss"]
[EventRounds "11"]
[EventCountry "SER"]
[Source "lmi"]
[SourceDate "2013.07.22"]

1. c4 Nf6 2. g3 c5 3. Bg2 e6 4. Nf3 b6 5. Ne5 d5 6. O-O Bb7 7. Qa4+ Nbd7 8. Nc3
Qc7 9. Nxd7 Qxd7 10. Qxd7+ Kxd7 11. d3 h6 12. Rd1 Bd6 13. a3 Bc6 14. Rb1 Be5
15. Bd2 Rhd8 16. cxd5 Nxd5 17. Rdc1 Rac8 18. Nd1 Bd4 19. e3 Bf6 20. f4 Bb5 21.
Nf2 Ne7 22. Bc3 Bxc3 23. bxc3 Ba6 24. Kf1 Kc7 25. Ke2 Rd7 26. c4 Rcd8 27. Rc3
Bb7 28. Bxb7 Kxb7 29. g4 Nc6 30. h4 Kc7 31. h5 f6 32. Rg1 e5 33. f5 Na5 34. Ne4
Rf7 35. Rc2 Nb7 36. Nc3 Na5 37. Nd5+ Kc6 38. Rb1 Rb7 39. a4 Kd6 40. Rb5 Nc6 41.
Rcb2 Rbd7 42. Rb1 Na5 43. Kf3 Nc6 44. Ke4 Rf7 45. R5b2 Na5 46. Rd1 Kc6 47. Kf3
Rfd7 48. Rb5 Kd6 49. Ke2 Nc6 50. Kd2 Ne7 51. Nxe7 Kxe7 52. Kc3 Rd6 53. a5 R8d7
54. Rd2 Kd8 55. Rbb2 Kc7 56. Ra2 Kc6 57. Rd1 Kb7 58. Ra3 e4 59. d4 cxd4+ 60.
Rxd4 Rxd4 61. exd4 e3 62. axb6 e2 63. Rxa7+ Kxb6 64. Ra1 Re7 65. Re1 Re3+ 66.
Kd2 Re4 67. Kd3 Rxg4 68. Rxe2 Rf4 69. Re6+ Kc7 70. Re7+ Kd6 71. Rxg7 Rxf5 72.
c5+ Kd5 73. Rd7+ Ke6 74. c6 Rf1 75. d5+ Ke5 76. c7 Rc1 77. d6 1-0

[Event "Europa ch Femenino 2013"]
[Site "Belgrado SER"]
[Date "2013.07.24"]
[Round "2.50"]
[White "Majdan-Gajewska, Joanna"]
[Black "Korchagina, Viktoria"]
[Result "1-0"]
[WhiteElo "2375"]
[BlackElo "2068"]
[PlyCount "81"]
[EventDate "2013.07.23"]
[EventType "swiss"]
[EventRounds "11"]
[EventCountry "SER"]
[Source "lmi"]
[SourceDate "2013.07.22"]

1. e4 c5 2. Nf3 Nc6 3. d4 cxd4 4. Nxd4 Nf6 5. Nc3 d6 6. Bg5 e6 7. Qd2 a6 8.
O-O-O Be7 9. f3 O-O 10. g4 Nxd4 11. Qxd4 Qa5 12. Bd2 Qc7 13. g5 Nd7 14. h4 b5
15. Kb1 Ne5 16. f4 Nf3 17. Qe3 Nxd2+ 18. Rxd2 b4 19. Ne2 a5 20. h5 a4 21. g6
Bf6 22. gxh7+ Kh8 23. Bg2 Bb7 24. Rhd1 Rac8 25. e5 dxe5 26. fxe5 Be7 27. Nd4
Rfd8 28. Bxb7 Qxb7 29. Qf4 Qc7 30. Rf1 Rxd4 31. Qxd4 Bg5 32. Rdf2 Rd8 33. Qxb4
Qxe5 34. Rxf7 Bf6 35. a3 Rb8 36. Rb7 Rxb7 37. Qxb7 Kxh7 38. Rh1 Kh6 39. Qb4 Qd5
40. Rg1 Qe5 41. Re1 1-0

[Event "Europa ch Femenino 2013"]
[Site "Belgrado SER"]
[Date "2013.07.24"]
[Round "2.52"]
[White "Blagojevic, Tijana"]
[Black "Mamedjarova, Turkan"]
[Result "1/2-1/2"]
[WhiteElo "2058"]
[BlackElo "2267"]
[PlyCount "81"]
[EventDate "2013.07.23"]
[EventType "swiss"]
[EventRounds "11"]
[EventCountry "SER"]
[Source "lmi"]
[SourceDate "2013.07.22"]

1. e4 e5 2. Nf3 Nc6 3. Nc3 Nf6 4. d4 exd4 5. Nxd4 Bb4 6. Nxc6 bxc6 7. Bd3 d5 8.
exd5 cxd5 9. O-O O-O 10. Bg5 c6 11. Na4 h6 12. Bh4 Be7 13. c4 Be6 14. Rc1 Qa5
15. cxd5 cxd5 16. a3 Bd7 17. Nc3 Rab8 18. Re1 Be6 19. Re2 Rfe8 20. Bb1 Qb6 21.
Qd3 g6 22. Rce1 Bf5 23. Qd2 Ne4 24. Bxe4 Bxh4 25. Nxd5 Qc5 26. Bxf5 Rxe2 27.
Rxe2 gxf5 28. Nc3 Bf6 29. g3 Bxc3 30. Qxc3 Qxc3 31. bxc3 Rb3 32. Re8+ Kg7 33.
Ra8 Rxa3 34. c4 Rc3 35. Rxa7 Rxc4 36. Kg2 Kg6 37. Rb7 Rd4 38. Ra7 Rc4 39. Rb7
Rd4 40. Ra7 Rc4 41. Rb7 1/2-1/2

[Event "Europa ch Femenino 2013"]
[Site "Belgrado SER"]
[Date "2013.07.24"]
[Round "2.53"]
[White "Utiatskaja, Irina"]
[Black "Balaian, Alina"]
[Result "1-0"]
[WhiteElo "2047"]
[BlackElo "2237"]
[PlyCount "107"]
[EventDate "2013.07.23"]
[EventType "swiss"]
[EventRounds "11"]
[EventCountry "SER"]
[Source "lmi"]
[SourceDate "2013.07.22"]

1. e4 e6 2. d4 d5 3. Nc3 Bb4 4. e5 c5 5. a3 Bxc3+ 6. bxc3 Qc7 7. Qg4 f5 8. exf6
Nxf6 9. Qg3 Qa5 10. Bd2 O-O 11. f3 Nc6 12. Bd3 Qb6 13. dxc5 Qxc5 14. Nh3 e5 15.
Nf2 e4 16. fxe4 dxe4 17. Be2 Bf5 18. Qe3 Qe7 19. c4 Rae8 20. O-O Qc7 21. Nd1
Qc8 22. Qc3 Ne5 23. Ne3 Bg6 24. Rab1 b6 25. a4 Kh8 26. a5 bxa5 27. Qxa5 Nc6 28.
Qa1 Qc7 29. Bc3 Qe7 30. Nd5 Nxd5 31. cxd5 Rxf1+ 32. Rxf1 Qc5+ 33. Kh1 Qxd5 34.
Bxg7+ Kg8 35. Bh6 Ne5 36. Qxa7 Nf7 37. c4 Ra8 38. Qe3 Qc6 39. h4 Ra5 40. Qf4
Qe8 41. Qd2 Re5 42. Be3 Qe7 43. Qe1 Qa3 44. Qg3 Qb2 45. Bg4 Kf8 46. c5 Ke8 47.
c6 Qb5 48. Rc1 Nd6 49. c7 Ke7 50. Bg5+ Rxg5 51. hxg5 Bf5 52. Bxf5 Qxf5 53.
Qxd6+ Kxd6 54. c8=Q 1-0

[Event "Europa ch Femenino 2013"]
[Site "Belgrado SER"]
[Date "2013.07.24"]
[Round "2.54"]
[White "Kaps, Darja"]
[Black "Cemhan, Kardelen"]
[Result "1-0"]
[WhiteElo "2235"]
[BlackElo "2052"]
[PlyCount "57"]
[EventDate "2013.07.23"]
[EventType "swiss"]
[EventRounds "11"]
[EventCountry "SER"]
[Source "lmi"]
[SourceDate "2013.07.22"]

1. f4 d5 2. Nf3 Nf6 3. g3 g6 4. Bg2 Bg7 5. O-O c5 6. d3 Nc6 7. c3 O-O 8. Na3
Bd7 9. Ne5 Qc8 10. Nxd7 Qxd7 11. e4 e5 12. fxe5 Nxe5 13. Bg5 Qd6 14. d4 cxd4
15. cxd4 Qb6 16. exd5 Ned7 17. Nc4 Qa6 18. Qb3 Rfe8 19. d6 Rab8 20. a4 Ne4 21.
Be7 Bxd4+ 22. Kh1 Nec5 23. Qb5 Nb6 24. Nxb6 Qxb5 25. axb5 axb6 26. Bd5 Ne6 27.
Rae1 Bxb2 28. Re2 Bg7 29. Rxf7 1-0

[Event "Europa ch Femenino 2013"]
[Site "Belgrado SER"]
[Date "2013.07.24"]
[Round "2.55"]
[White "Milutinovic, Stefana"]
[Black "Benderac, Ana"]
[Result "1-0"]
[WhiteElo "2035"]
[BlackElo "2225"]
[PlyCount "77"]
[EventDate "2013.07.23"]
[EventType "swiss"]
[EventRounds "11"]
[EventCountry "SER"]
[Source "lmi"]
[SourceDate "2013.07.22"]

1. d4 d6 2. Nf3 c6 3. c4 Qc7 4. Nc3 e5 5. e4 Nf6 6. Be2 Be7 7. O-O O-O 8. Be3
Re8 9. d5 Nbd7 10. Nd2 Nf8 11. f3 Ng6 12. g3 Bf8 13. b4 Bd7 14. Qb3 h6 15. Rfc1
c5 16. bxc5 dxc5 17. a4 Bd6 18. Nb5 Bxb5 19. Qxb5 b6 20. Bf1 Red8 21. Rcb1 Rab8
22. Qa6 Qb7 23. Qb5 a5 24. Rb2 Qe7 25. Bg2 Ne8 26. Rf1 Bc7 27. f4 Nd6 28. Qb3
f6 29. Qd1 exf4 30. gxf4 Nf5 31. Qe2 Nxe3 32. Qxe3 Qd6 33. e5 fxe5 34. f5 e4
35. Qg3 Qf6 36. Qxg6 Qxb2 37. f6 Rd7 38. Bxe4 Bxh2+ 39. Kh1 1-0

[Event "Europa ch Femenino 2013"]
[Site "Belgrado SER"]
[Date "2013.07.24"]
[Round "2.56"]
[White "Eric, Jovana"]
[Black "Azimova, Karina"]
[Result "1/2-1/2"]
[WhiteElo "2223"]
[BlackElo "2037"]
[PlyCount "112"]
[EventDate "2013.07.23"]
[EventType "swiss"]
[EventRounds "11"]
[EventCountry "SER"]
[Source "lmi"]
[SourceDate "2013.07.22"]

1. e4 e5 2. Nf3 d6 3. d4 exd4 4. Qxd4 a6 5. Bg5 Nc6 6. Qd2 Be7 7. Nc3 Nf6 8.
O-O-O O-O 9. h3 Be6 10. g4 b5 11. Qe3 Nd7 12. Nd5 Bxg5 13. Nxg5 Re8 14. Nxe6
Rxe6 15. Qc3 Ndb8 16. Bg2 Ra7 17. f4 Ne7 18. e5 c6 19. f5 Nxd5 20. Bxd5 Rxe5
21. Bg2 Rae7 22. f6 gxf6 23. Rhf1 R7e6 24. h4 d5 25. Rf5 Qe7 26. Qg3 Nd7 27.
Bf3 Qd6 28. Qg1 Qc5 29. Qg3 Qd6 30. Qg2 Kf8 31. Qd2 Ke7 32. Qh6 Nf8 33. Qd2 Qc5
34. Qg2 Qe3+ 35. Kb1 Ng6 36. Qh1 Nf4 37. a3 Ne2 38. Rxe5 Rxe5 39. Bxe2 Qxe2 40.
Qg1 Qe3 41. Qf1 Qg3 42. g5 fxg5 43. hxg5 Qxg5 44. Qf2 Qe3 45. Qh4+ Kd6 46. Qd8+
Ke6 47. Qe8+ Kd6 48. Qxf7 Re7 49. Qf8 Qe6 50. Rf1 Kd7 51. Qa8 h5 52. Rf8 Re8
53. Qb7+ Kd8 54. Rf7 Re7 55. Qb8+ Kd7 56. Rf8 Re8 1/2-1/2

[Event "Europa ch Femenino 2013"]
[Site "Belgrado SER"]
[Date "2013.07.24"]
[Round "2.57"]
[White "Gueci, Tea"]
[Black "Makropoulou, Marina"]
[Result "0-1"]
[WhiteElo "2018"]
[BlackElo "2220"]
[PlyCount "114"]
[EventDate "2013.07.23"]
[EventType "swiss"]
[EventRounds "11"]
[EventCountry "SER"]
[Source "lmi"]
[SourceDate "2013.07.22"]

1. e4 e5 2. Nf3 Nc6 3. d4 exd4 4. Nxd4 Bc5 5. Be3 Qf6 6. c3 Nge7 7. g3 h5 8. h3
h4 9. g4 Ng6 10. Qa4 Bb6 11. Nd2 O-O 12. O-O-O d6 13. Bb5 Nxd4 14. Bxd4 Bxd4
15. Qxd4 Qg5 16. Bc4 Be6 17. Kb1 c5 18. Qd3 Ne5 19. Qe2 Qf4 20. Rhf1 Rad8 21.
Rde1 a6 22. Bb3 b5 23. Qe3 Ng6 24. Bc2 Rfe8 25. Nf3 a5 26. Rh1 Qxe3 27. Rxe3 f6
28. g5 Rf8 29. gxf6 Rxf6 30. e5 dxe5 31. Nxe5 Nf4 32. Ng4 Bxg4 33. hxg4 g5 34.
Re5 Rd5 35. Rxd5 Nxd5 36. Be4 Ne7 37. f3 Kf7 38. Kc2 Ke6 39. c4 bxc4 40. Kc3
Ke5 41. Kxc4 Nc6 42. Kxc5 Nd4 43. Re1 Ne6+ 44. Kc4 Kf4 45. Bf5 Ng7 46. Be4 h3
47. Rh1 Kg3 48. Kd3 Rf4 49. Ke3 h2 50. Rc1 Ne6 51. Rd1 Rf8 52. f4 gxf4+ 53. Ke2
f3+ 54. Ke3 Ng5 55. Bc6 Rc8 56. Ba4 Rh8 57. Rh1 Kg2 0-1

[Event "Europa ch Femenino 2013"]
[Site "Belgrado SER"]
[Date "2013.07.24"]
[Round "2.58"]
[White "Isgandarova, Khayala"]
[Black "Zivic, Radmila"]
[Result "1-0"]
[WhiteElo "2219"]
[BlackElo "2029"]
[PlyCount "75"]
[EventDate "2013.07.23"]
[EventType "swiss"]
[EventRounds "11"]
[EventCountry "SER"]
[Source "lmi"]
[SourceDate "2013.07.22"]

1. e4 c5 2. Nc3 Nc6 3. g3 g6 4. Bg2 Bg7 5. d3 d6 6. Be3 Nf6 7. h3 O-O 8. Qd2
Rb8 9. f4 Nd7 10. Nf3 Nd4 11. O-O b5 12. Rae1 b4 13. Nd1 Qa5 14. a3 Qa4 15.
Bxd4 cxd4 16. axb4 Rxb4 17. b3 Qb5 18. Nb2 a5 19. Nc4 a4 20. bxa4 Qxa4 21. Ra1
Qb5 22. Ra5 Qb8 23. e5 dxe5 24. fxe5 Rb1 25. Rxb1 Qxb1+ 26. Kh2 h5 27. Nxd4 h4
28. Qf4 hxg3+ 29. Qxg3 Bh6 30. Nf5 Bc1 31. e6 Nf6 32. exf7+ Kh7 33. Nxe7 g5 34.
Ne3 Qb6 35. Rxg5 Bxe3 36. Qh4+ Nh5 37. Qxh5+ Qh6 38. Be4+ 1-0

[Event "Europa ch Femenino 2013"]
[Site "Belgrado SER"]
[Date "2013.07.24"]
[Round "2.59"]
[White "Kezele, Tamara"]
[Black "Hairapetian, Anna"]
[Result "1/2-1/2"]
[WhiteElo "1994"]
[BlackElo "2214"]
[PlyCount "80"]
[EventDate "2013.07.23"]
[EventType "swiss"]
[EventRounds "11"]
[EventCountry "SER"]
[Source "lmi"]
[SourceDate "2013.07.22"]

1. e4 c5 2. Nf3 d6 3. c3 Nf6 4. d3 g6 5. Be2 Bg7 6. O-O Nc6 7. Re1 O-O 8. h3
Rb8 9. Bf1 e5 10. d4 exd4 11. cxd4 cxd4 12. Nxd4 Re8 13. Nxc6 bxc6 14. Nc3 d5
15. exd5 Rxe1 16. Qxe1 Nxd5 17. Bc4 Bf5 18. Nxd5 cxd5 19. Bb3 Qe8 20. Bf4 Rd8
21. Qxe8+ Rxe8 22. Bxd5 Bxb2 23. Rd1 Kg7 24. Bb3 Be6 25. Be3 a6 26. Rd6 Bxb3
27. axb3 Rb8 28. Rxa6 Rxb3 29. Rb6 Rxb6 30. Bxb6 h5 31. Kf1 Kf6 32. Ke2 Kf5 33.
Kf3 Bc3 34. g4+ hxg4+ 35. hxg4+ Ke6 36. Ke4 f5+ 37. gxf5+ gxf5+ 38. Kd3 Bb4 39.
f3 Kd5 40. Bd8 Bc5 1/2-1/2

[Event "Europa ch Femenino 2013"]
[Site "Belgrado SER"]
[Date "2013.07.24"]
[Round "2.60"]
[White "Pavlidou, Ekaterini"]
[Black "Bejatovic, Bojana"]
[Result "1-0"]
[WhiteElo "2210"]
[BlackElo "2002"]
[PlyCount "45"]
[EventDate "2013.07.23"]
[EventType "swiss"]
[EventRounds "11"]
[EventCountry "SER"]
[Source "lmi"]
[SourceDate "2013.07.22"]

1. d4 f5 2. g3 Nf6 3. Bg2 g6 4. Nf3 Bg7 5. O-O O-O 6. c4 d6 7. b3 e5 8. dxe5
Ng4 9. Bb2 Nc6 10. Qc2 Ngxe5 11. Nxe5 dxe5 12. Bd5+ Kh8 13. f4 Nd4 14. Qd2 c6
15. fxe5 Nxe2+ 16. Qxe2 cxd5 17. c5 Qe7 18. Qe3 Bd7 19. Nd2 Rad8 20. Bd4 Rfe8
21. Nf3 h6 22. e6 Qxe6 23. Qxh6+ 1-0